Pokémon: Retroactive Evolutions - Statistics

General Stats
  • This quiz has been taken 126 times
  • The average score is 55 of 69
Answer Stats
Original Pokémon Generation Answer % Correct
Eevee II Umbreon
100%
Clefairy II Cleffa
98%
Electabuzz II Elekid
98%
Pikachu II Pichu
98%
Eevee II Espeon
96%
Chansey II Blissey
94%
Porygon II Porygon2
94%
Golbat II Crobat
93%
Eevee IV Glaceon
93%
Jigglypuff II Igglybuff
93%
Seadra II Kingdra
93%
Eevee IV Leafeon
93%
Scyther II Scizor
93%
Slowpoke II Slowking
93%
Onix II Steelix
93%
Eevee VI Sylveon
91%
Mr. Mime II Mime Jr.
90%
Porygon IV Porygon-Z
90%
Marill III Azurill
88%
Magmar II Magby
88%
Aipom IV Ambipom
86%
Dusclops IV Dusknoir
86%
Kirlia IV Gallade
86%
Magmar IV Magmortar
86%
Jynx II Smoochum
86%
Hitmonlee/Hitmonchan II Tyrogue
86%
Electabuzz IV Electivire
85%
Snorlax IV Munchlax
84%
Poliwhirl II Politoed
84%
Roselia IV Roserade
84%
Chansey IV Happiny
83%
Lickitung IV Lickilicky
83%
Piloswine IV Mamoswine
83%
Nosepass IV Probopass
83%
Gloom II Bellossom
81%
Gligar IV Gliscor
81%
Murkrow IV Honchkrow
81%
Magneton IV Magnezone
81%
Misdreavus IV Mismagius
81%
Rhydon IV Rhyperior
81%
Sneasel IV Weavile
81%
Togetic IV Togekiss
80%
Tangela IV Tangrowth
79%
Wobbuffet III Wynaut
79%
Yanma IV Yanmega
79%
Roselia IV Budew
78%
Sudowoodo IV Bonsly
76%
Mantine IV Mantyke
76%
Chimecho IV Chingling
75%
Snorunt IV Froslass
75%
Mr. Mime VIII Mr. Rime
74%
Farfetch'd VIII Sirfetch'd
70%
Ursaring VIII Ursaluna
68%
Corsola VIII Cursola
66%
Sneasel VIII Sneasler
66%
Scyther VIII Kleavor
65%
Linoone VIII Obstagoon
64%
Meowth VIII Perrserker
63%
Basculin VIII Basculegion
61%
Dunsparce IX Dudunsparce
60%
Girafarig IX Farigiraf
59%
Qwilfish VIII Overqwil
59%
Primeape IX Annihilape
58%
Wooper IX Clodsire
58%
Bisharp IX Kingambit
58%
Stantler VIII Wyrdeer
58%
Yamask VIII Runerigus
53%
Duraludon IX Archaludon
49%
Applin IX Dipplin
48%
No matching quizzes found
Score Distribution
Percent of People with Each Score
Percentile by Number Answered
Your Score History
You have not taken this quiz